000 01632nam a2200337 i 4500
001 193572
003 SpMaBN
005 20250710064924.0
007 ta
008 240116s19231924fr a 0001 fre d
016 7 _abimoBNE19931066036
_zBIB92000001203
_2SpMaBN
035 _a(OCoLC)433861163
035 _abimo0000377411
040 _aSpMaBN
_bspa
_cSpMaBN
_erdc
_dES-MaACL
080 _a840(091)
245 0 0 _aHistoire de la littérature française /
_cillustrée et publiée sous la direction de M. Joseph Bérdier et Paul Hazard, avec le concours de M. George Ascoli... [et al.].
260 _aParís :
_bLibrairie Larousse,
_c[aproximadamente 1923-24]
300 _a2 v. :
_bláminas, grabados ;
_cFol. (32 cm)
336 _2rdacontent
_aTexto
337 _2rdamedia
_asin mediación
338 _2rdacarrier
_avolumen
650 4 _aLiteratura francesa-
_xHistoria y crítica
_914586
700 1 _aHazard, Paul,
_962229
_d1878-1944
_epbd
700 1 _aBédier, Joseph,
_d1864-1938
_926997
_epbd
700 1 _aAscoli, George
_9234879
_eclb
852 _aES-MaACL
_933069
_bR.4755
_bR.M.6
_jD-6
_cSVI
_pv.1
_zControl: 16-01-2024
_zPrecio: 67,65 centimos
_gSello cuadrado en tinta en portada: "Ateneo de Madrid. Biblioteca"
_xEncuadernación editorial, piel sobre pasta.
852 _aES-MaACL
_9201035
_bR.4755
_bR.M.7
_cSVI
_zControl: 16-01-2024
_zPrecio: 67,65 centimos
_gSello cuadrado en tinta en portada: "Ateneo de Madrid. Biblioteca"
_pv.2
_xEncuadernación editorial, piel sobre pasta.
942 _n0
_cMONOGRAFIA
999 _c193572
_d193572